The grat code: the bible and literature

Gardado en:
Detalles Bibliográficos
Autor Principal: Frye, Northrop
Formato: Libro
Idioma:Undetermined
Publicado: Montreal, Canadá Academic 1982
Materias:
Etiquetas: Engadir etiqueta
Sen Etiquetas, Sexa o primeiro en etiquetar este rexistro!

MARC

LEADER 00000nam a2200000Ia 4500
008 170316s9999 xx 000 0 und d
090 |a 801 F-18g 
100 |a Frye, Northrop 
245 4 |a The grat code: the bible and literature 
260 |a Montreal, Canadá 
260 |b Academic 
260 |c 1982 
300 |a 244 páginas 
650 |a TEORÍA LITERARIA 
999 |c 20276  |d 20276 
040 |a cru BVZT 
942 |c 15 D  |h 801 F-18g  |2 z